La reforma constitucional en Costa Rica /
Guardado en:
| Autor principal: | |
|---|---|
| Formato: | Texto |
| Etiquetas: |
Agregar Etiqueta
Sin Etiquetas, Sea el primero en etiquetar este registro!
|
MARC
| LEADER | 00000 a a2200000 04500 | ||
|---|---|---|---|
| 001 | 46209 | ||
| 003 | |||
| 040 | |||
| 100 | |a May C., Hubert | ||
| 245 | |a La reforma constitucional en Costa Rica / |c Hubert May C. | ||
| 773 | |g volumen19, número2 ( , 2012), páginas 77-107 | ||
| 999 | |c 28865 |d 28865 | ||
